000 00678nam a22002177a 4500
003 PILC
005 20150529162012.0
008 150529b xxu||||| |||| 00| 0 eng d
020 _a9789814646918
020 _a9814646911
050 _aTS 155
_b.J17 2011
100 _aJacobs, F. Robert.
245 _aOperations and supply management /
_cF. Robert Jacobs, Richard B. Chase.
250 _a14th global ed.
260 _aNY :
_bMcGraw-Hill Education,
_c2011.
300 _axxxv, 762 pages :
_billustrations ;
_c28 cm.
500 _aIncludes bibliographical references and index.
650 _aProduction management.
700 _aChase, Richard B.
942 _2lcc
_cBK
_kFOR
999 _c284518
_d284518